| 000 | 01338nam0a22002891 4500 | ||
|---|---|---|---|
| 001 | rc\3426269 | ||
| 005 | 20260407104719.0 | ||
| 021 |
_aRU _b73-39887 |
||
| 021 |
_aRU _bРг9113-73 |
||
| 035 | _a(NLR Aleph) 007560001 | ||
| 090 |
_a5291798 _c5291798 |
||
| 100 | _a20130115d1972 |||y0rusy50 ca | ||
| 101 | 0 | _arus | |
| 102 | _aRU | ||
| 105 | _aa z ||||| | ||
| 200 | 1 |
_aГрадостроительство и районная планировка на Дальнем Востоке _e(Основы организации обществ. обслуживания населения) _f[Науч. ред. канд. арх. В.В. Танаков] |
|
| 210 |
_aХабаровск _cБ. и. _d1972 |
||
| 215 |
_a76, 4 с., 1 л. табл. _cил. _d20 |
||
| 225 | 1 | _aМинистерство высшего и среднего специального образования РСФСР. Хабаровский политехнический институт. Сборник научных трудов | |
| 320 | _aБиблиогр. в конце статей | ||
| 702 | 1 |
_aТанаков _bВ.В. _4340 |
|
| 712 | 0 | 2 |
_aХабаровский политехнический институт _3RU\NLR\AUTH\889935528 _9365970 |
| 801 | 0 |
_aRU _bNLR _gpsbo |
|
| 801 | 1 |
_aRU _bELAR _2rusmarc |
|
| 852 |
_aNLR _j73-4/16381 |
||
| 942 | _cBOOK | ||
| 980 | _aNB | ||